000 00695nam a2200169 a 4500
008 140530s1974 ||||||||||||||||| || u
020 _a0849304608
050 _aQD 65 Han
100 _aWeast, Robert C
245 1 0 _aHandbook of chemistry and physics:a ready reference book of chemical and physical data . (60th ed.)
_cedited by Robert C. Weast and Melvin J. Astle
260 _aFlorida:
_bCRC Press
_c1974
300 _aseveral pagings
650 _aPHYSICS--HANDBOOKS, MANUALS, ETC
650 7 _aSCIENCE
_2fast
650 0 _aCHEMISTRY--HANDBOOKS, MANUALS, ETC
995 _FCBU-MAIN LIBRARY (Kitwe)
_M1
_UAVAILABLE
_WJun 12, 2014
_ZReference Collection
999 _c45251
_d45251